| 000 | 00809nam a2200265Ia 4500 | ||
|---|---|---|---|
| 003 | OSt | ||
| 005 | 20220926012038.0 | ||
| 006 | a|||||r|||| 00| 0 | ||
| 007 | ta | ||
| 008 | 220923b |||||||| |||| 00| 0 eng d | ||
| 020 | _a01290995507 | ||
| 037 | _cGeneral Book | ||
| 040 |
_aRTL _cRTL _beng |
||
| 041 |
_2eng _aeng |
||
| 082 | _aX:54.1.N7, M0 | ||
| 100 |
_aBergesen Albart Ed. _9315437 |
||
| 245 | 0 | _aStudies of the modern world system edited Albart | |
| 260 |
_aNew York _bAtlantic Press U. S. A. _c1980 |
||
| 300 |
_axiv, 281p. Bibliography chapterwise; Appendix p.273-75 _ccm. |
||
| 490 | _aStudies in social discontinuity | ||
| 650 | _a Economics | ||
| 650 | _aInternational Trade | ||
| 942 |
_hX:54.1.N7, M0 _cGB _2CC |
||
| 999 |
_c621587 _d621587 |
||